Statistics for That 70s Show Characters, Ordered by Number of Episodes

Click here to take the quiz!

General Stats

  • This quiz has been taken 655 times
  • The average score is 14 of 25

Answer Stats

HintAnswer% Correct
200 episodesDonna Pinciotti
98%
200 episodesJackie Burkhart
98%
200 episodesRed Forman
98%
179 episodesEric Forman
97%
200 episodesFez
97%
183 episodesMichael Kelso
97%
200 episodesKitty Forman
96%
200 episodesSteven Hyde
96%
197 episodesBob Pinciotti
90%
65 episodesLeo
72%
56 episodesLaurie Forman (2 actresses)
71%
81 episodesMidge Pinciotti
63%
21 episodesRandy Pearson
53%
7 episodesPam Burkhart (Jackie's Mom)
44%
6 episodesCasey Kelso
38%
6 episodesFenton (jewelry clerk)
23%
9 episodesBrooke
20%
8 episodesAngie Barnett (Hyde's sister)
19%
6 episodesBig Rhonda
17%
9 episodesWilliam Barnett (Hyde's Father)
17%
12 episodesJoanne Stupac
14%
6 episodesPastor Dave
14%
9 episodesSamantha Hyde (Hyde's stripper wife)
12%
8 episodesNina
9%
7 episodesRoy Keene (hotel manager)
2%

Score Distribution

Percentile by Number Answered

Percent of People with Each Score

Your Score History

You have not taken this quiz